Prowincje i terytoria Kanady - Statystyki

Ogólne statystyki
  • Ten quiz został rozwiązany 57 razy
  • Średni wynik to 8 z 13
Odpowiedzi na mapie
Odpowiedzi zakodowano w zielono-czerwonej skali na mapie do tego quizu, zgodnie z poniższymi procentami.
 
Statystyki odpowiedzi
Province / Territory % Poprawnych
Ontario
84%
Quebec
81%
Nowa Szkocja
78%
Alberta
72%
Jukon
66%
Kolumbia Brytyjska
59%
Manitoba
56%
Terytoria Północno-Zachodnie
56%
Nowy Brunszwik
53%
Saskatchewan
47%
Wyspa Księcia Edwarda
47%
Nowa Fundlandia i Labrador
38%
Nunawut
25%
Nie znaleziono quizów pasujących do podanych kryteriów
Rozkład punktacji
Procent ludzi z każdym wynikiem
Percentyl według liczby udzielonych odpowiedzi
Twoja historia wyników
Nie rozwiązałeś tego quizu